| 000 | 00601nam a2200265Ia 4500 | ||
|---|---|---|---|
| 005 | 20260306163636.0 | ||
| 008 | 008 260114s9999 xx 000 0 eng d | ||
| 020 | _a9780823280568 | ||
| 037 | _aEBOOK | ||
| 040 | _aCRL | ||
| 040 | _beng | ||
| 040 | _cCRL | ||
| 041 | _2eng | ||
| 041 | _aeng | ||
| 084 | _qCRL | ||
| 100 | _aLin | ||
| 245 | 0 | _aFreud's Jaw And Other Lost Objects | |
| 260 | _bFordham University Press | ||
| 260 | _c2018 | ||
| 650 | _aSocial Work | ||
| 856 | _uhttps://academic.oup.com/book/15323 | ||
| 942 | _cEBOOK | ||
| 999 |
_c1710917 _d1710917 |
||